ბათუმის შოთა რუსთაველის სახელმწიფო უნივერსიტეტის ბიბლიოთეკა

The Handbook of Natural Flavonoids : (ბიბ.ჩანაწერი № 53662)

000 -LEADER
fixed length control field 00988nam a2200301Ia 4500
001 - CONTROL NUMBER
control field 20709
003 - CONTROL NUMBER IDENTIFIER
control field GE_BSU
005 - DATE AND TIME OF LATEST TRANSACTION
control field 20210306231542.0
008 - FIXED-LENGTH DATA ELEMENTS--GENERAL INFORMATION
fixed length control field 181216s1999||||xx |||||||||||||| ||eng||
020 ## - INTERNATIONAL STANDARD BOOK NUMBER
International Standard Book Number 9780471958932
040 ## - CATALOGING SOURCE
Transcribing agency GE_BSU
041 ## - LANGUAGE CODE
Language code of text/sound track or separate title eng
080 ## - UNIVERSAL DECIMAL CLASSIFICATION NUMBER
Universal Decimal Classification number 577.127.4 Th-44
245 #4 - TITLE STATEMENT
Title The Handbook of Natural Flavonoids :
Remainder of title Volume 2 /
Statement of responsibility, etc. Editors : Jeffrey B. Harborne, Herber Baxter.
260 ## - PUBLICATION, DISTRIBUTION, ETC.
Place of publication, distribution, etc. Chichester
260 ## - PUBLICATION, DISTRIBUTION, ETC.
Name of publisher, distributor, etc. John Wiley & Sons
260 ## - PUBLICATION, DISTRIBUTION, ETC.
Date of publication, distribution, etc. 1999
300 ## - PHYSICAL DESCRIPTION
Extent 879 p. ;
Dimensions 29 cm.
653 ## - INDEX TERM--UNCONTROLLED
keyword The Handbook of Natural Flavonoids
653 ## - INDEX TERM--UNCONTROLLED
keyword Справочник природных флавоноидов
653 ## - INDEX TERM--UNCONTROLLED
keyword Биология
653 ## - INDEX TERM--UNCONTROLLED
keyword ბიოლოგია
653 ## - INDEX TERM--UNCONTROLLED
keyword ბუნებრივი ფლავონოიდების სახელმძღვანელო
700 ## - ADDED ENTRY--PERSONAL NAME
Personal name Harborne, Jeffrey B.
Relator term Editor
9 (RLIN) 10369
700 ## - ADDED ENTRY--PERSONAL NAME
Personal name Baxter, Herber
Relator term Editor
9 (RLIN) 10368
942 ## - ADDED ENTRY ELEMENTS (KOHA)
Koha item type წიგნი
Source of classification or shelving scheme
ეგზემპლარები
Withdrawn status Lost status Source of classification or shelving scheme Damaged status Not for loan Permanent Location Current Location Shelving location Date acquired Cost, normal purchase price Full call number Barcode Date last seen Copy number Price effective from Koha item type Public note
          ბათუმის შოთა რუსთაველის სახელმწიფო უნივერსიტეტის მთავარი ბიბლიოთეკა ბათუმის შოთა რუსთაველის სახელმწიფო უნივერსიტეტის მთავარი ბიბლიოთეკა წიგნსაცავი 2018-12-17 449.00 577.127.4 Th-44 54014 2018-12-17 54014 2018-12-17 წიგნი 449.00 GEL.